=LDR 00000nam 2200000 4500 =001 INLIS000000000014351 =005 20130612105628 =008 ***********************************Ind** =035 ##$$0010-061300000014351 =041 ##$$a Ind =082 ##$$a 635 =090 ##$$a 635, Sam u =100 ##$$a Samadi, Budi =245 ##$$a Usaha tani kentang, Budi samadi =260 ##$$a 1997 $b Yogyakarta =300 ##$$a 90 hlm, ilus., 21 cm =650 ##$$a Kentang =850 ##$$a NBPNMAT